[Event "Wohlen op"]
[Site "Wohlen"]
[Date "1993.??.??"]
[Round "7"]
[White "Zueger, Beat"]
[Black "Budnikov, Alexandar"]
[Result "0-1"]
[WhiteElo "2415"]
[BlackElo "2520"]

1.c4 Nf6 2.d4 e6 3.Nf3 b6 4.g3 Ba6 5.b3 Bb4+ 6.Bd2 Be7 7.Bg2 c6 8.Bc3 d5
9.Ne5 Ne4 10.Qc2 Nxc3 11.Qxc3 Bb7 12.O-O Nd7 13.Nxd7 Qxd7 14.Nd2 c5 15.Rad1 Bf6
16.Nf3 O-O 17.Qc2 cxd4 18.Nxd4 Rac8 19.Qb1 Rcd8 20.cxd5 Bxd5 21.Bxd5 Qxd5
22.Nf3 Qa5 23.Rxd8 Rxd8 24.Qc2 g5 25.h3 h5 26.a4 Kg7 27.Qc4 Qf5 28.g4 hxg4
29.Qxg4 Qxg4+ 30.hxg4 e5 31.Rc1 e4 32.Nh2 Rd2 33.Nf1 Rxe2 34.Ng3 Rb2 35.Nxe4 Be5
36.Rd1 Rxb3 37.Rd7 Rb1+ 38.Kg2 Rb4 39.f3 Rxa4 40.Nxg5 Ra2+ 41.Kf1 Kg6 42.Nxf7 Bg3
43.Nh8+ Kg5 44.Rf7 a5 45.Rf5+ Kh6 46.Nf7+ Kg6 47.Ng5 Rf2+ 48.Kg1 Rb2 49.Ne4 Bh2+
50.Kh1 a4 51.f4 a3 52.Rg5+ Kf7 53.Rf5+ Ke7 54.Nc3 Bg3 55.g5 Rc2 56.Nd5+ Ke6
57.Re5+ Kd6 58.Nxb6 a2 59.Ra5 Bxf4 60.Nc4+ Ke6 61.g6 Rc1+ 62.Kg2 a1=Q 63.Rxa1 Rxa1
64.g7 Kf7  0-1

[Event "Zaragoza op"]
[Site "Zaragoza"]
[Date "1993.??.??"]
[Round "?"]
[White "Roa Alonso, Santiago"]
[Black "Tukmakov, Vladimir B"]
[Result "1/2-1/2"]
[WhiteElo "2320"]
[BlackElo "2600"]

1.d4 Nf6 2.c4 e6 3.Nf3 b6 4.g3 Ba6 5.b3 d5 6.Bg2 Nbd7 7.Nbd2 Be7 8.O-O O-O
9.Qc2 c5 10.Bb2 Rc8 11.Rfd1 b5 12.dxc5 Bxc5 13.e3 Bb4 14.Bf1 Qe7 15.Rac1 Ba3
16.Nb1 Bxb2 17.Qxb2 bxc4 18.bxc4 Bxc4 19.Bxc4 Rxc4 20.Rxc4 dxc4 21.Qd4 Nb6
22.Ne5 Rc8 23.e4 Ne8 24.Nc3 f6 25.Ng4 Rc7 26.e5 Rd7 27.Qf4 Rxd1+ 28.Nxd1 f5
29.Nge3 Qc5 30.Nc3 h6 31.h4 Nc7 32.g4 fxg4 33.Ne4 Qf8 34.Qxg4 Kh8 35.Nd6 c3
36.Qg6 Nbd5 37.Nf7+ Kg8 38.Nxh6+ Kh8 39.Nf7+ Kg8 40.Nh6+  1/2-1/2

[Event "Zaragoza"]
[Site "Zaragoza"]
[Date "1993.??.??"]
[Round "5"]
[White "Garcia Palermo, Carlos"]
[Black "Barros, A."]
[Result "1-0"]
[WhiteElo "2455"]
[BlackElo "2200"]

1.d4 Nf6 2.c4 e6 3.Nf3 b6 4.g3 Ba6 5.Qa4 Bb7 6.Bg2 c5 7.O-O cxd4 8.Nxd4 Bxg2
9.Kxg2 Be7 10.Nc3 O-O 11.Rd1 Qc8 12.Bg5 a6 13.Ne4 Nc6 14.Nxf6+ gxf6 15.Bh6 Rd8
16.Nxc6 dxc6 17.Rxd8+ Qxd8 18.Rd1 Qc7 19.c5 Bf8 20.Qg4+ Kh8 21.Bxf8 Rxf8
22.Qd4 Kg7 23.cxb6 Qb7 24.Qc5 Rb8 25.Rd4 Qxb6 26.Rg4+ Kh8 27.Qe7  1-0

[Event "Zillertal op"]
[Site "Zillertal"]
[Date "1993.??.??"]
[Round "?"]
[White "Hertneck, Gerald"]
[Black "Schmittdiel, Eckhard"]
[Result "1-0"]
[WhiteElo "2575"]
[BlackElo "2450"]

1.d4 Nf6 2.c4 e6 3.Nf3 b6 4.g3 Ba6 5.Nbd2 Bb4 6.Qc2 Bb7 7.Bg2 Be4 8.Qa4 Nc6
9.O-O Bxd2 10.Bxd2 Bxf3 11.exf3 Nxd4 12.f4 O-O 13.Rad1 c5 14.Rfe1 d5 15.Bc3 b5
16.cxb5 Nf5 17.b6 c4 18.Qc2 Rb8 19.a4 d4 20.Bxd4 Nxd4 21.Qxc4  1-0

[Event "Zillertal op"]
[Site "Zillertal"]
[Date "1993.??.??"]
[Round "?"]
[White "Hertneck, Gerald"]
[Black "Palac, Mladen"]
[Result "1-0"]
[WhiteElo "2575"]
[BlackElo "2485"]

1.d4 Nf6 2.c4 e6 3.Nf3 b6 4.g3 Ba6 5.Nbd2 Bb7 6.Bg2 Be7 7.O-O O-O 8.Re1 d5
9.cxd5 exd5 10.b3 Na6 11.Bb2 c5 12.e3 Ne4 13.a3 Rc8 14.Rc1 Bd6 15.dxc5 Naxc5
16.Bf1 a5 17.Nd4 Nxd2 18.Qxd2 Qd7 19.Qd1 Be5 20.Bb5 Qh3 21.Be2 Qd7 22.Bg4 f5
23.Nxf5 Bxb2 24.Nh6+ gxh6 25.Bxd7 Nxd7 26.Qg4+ Kh8 27.Qxd7 Bxc1 28.Qxb7  1-0

[Event "Abierto op"]
[Site "Abierto"]
[Date "1994.??.??"]
[Round "2"]
[White "Garcia, Javier"]
[Black "Pogorelov, Ruslan"]
[Result "0-1"]
[WhiteElo "2305"]
[BlackElo "2415"]

1.d4 Nf6 2.c4 e6 3.Nf3 b6 4.g3 Ba6 5.Bg2 Bxc4 6.b3 Bb4+ 7.Bd2 Bxd2+ 8.Qxd2 Bd5
9.Nc3 Bb7 10.O-O O-O 11.Rfe1 d5 12.Ne5 Nbd7 13.f4 c5 14.e3 Qe7 15.Rac1 Rfd8
16.Qf2 Rac8 17.h3 Ba6 18.g4 Nxe5 19.fxe5 Nd7 20.Bf1 Bxf1 21.Rxf1 f6 22.Qh4 cxd4
23.exf6 Nxf6 24.exd4 Rf8 25.g5 Nd7 26.Qg4 Rxf1+ 27.Kxf1 Rf8+ 28.Ke2 Qf7 29.Rg1 Qf2+
30.Kd1 Rf5 31.Rg2 Qf1+ 32.Kc2 Nf8 33.Rd2 Rf4 34.Qg3 Rf3 35.Qc7 Qxh3 36.Nb5 Qf5+
37.Kb2 Qxg5 38.Rc2 Rf7 39.Qb8 Qf6 40.Ka3 Rd7 41.Rc8 h5 42.Nxa7 Qe7+  0-1

[Event "Acasusso Valle op"]
[Site "Acasusso"]
[Date "1994.??.??"]
[Round "7"]
[White "Bronstein, Luis"]
[Black "Zarnicki, Pablo"]
[Result "1/2-1/2"]
[WhiteElo "2380"]
[BlackElo "2435"]

1.d4 Nf6 2.c4 e6 3.Nf3 b6 4.g3 Ba6 5.b3 Bb4+ 6.Bd2 Be7 7.Nc3 c6 8.e4 d5 9.Qc2 dxe4
10.Nxe4 Bb7 11.Nxf6+ Bxf6 12.Qe4 Qe7 13.O-O-O c5 14.d5 exd5 15.Qxe7+ Bxe7
16.Ne5 f6 17.Nf3 dxc4 18.Bg2 cxb3 19.Rhe1 Nd7 20.Bf4 bxa2  1/2-1/2

[Event "AUT-chT"]
[Site "?"]
[Date "1994.??.??"]
[Round "?"]
[White "Freitag, Manfred"]
[Black "Titz, Heimo"]
[Result "1/2-1/2"]
[WhiteElo "2275"]
[BlackElo "2290"]

1.d4 Nf6 2.c4 e6 3.Nf3 b6 4.g3 Ba6 5.Nbd2 Bb4 6.Qc2 Bb7 7.Bg2 Be4 8.Qd1 c5
9.dxc5 bxc5 10.O-O Bb7 11.Nb3 d5 12.cxd5 Bxd5 13.a3 c4 14.Nbd2 Bxd2 15.Nxd2 Bxg2
16.Kxg2 Qd5+ 17.f3 O-O 18.Qc2 Rc8 19.b3 c3 20.Nc4 Nc6 21.e4 Nd4 22.Qd3 Qd8
23.Qxc3 Nxb3 24.Qxb3 Qd4 25.Be3 Qxc4 26.Qxc4 Rxc4 27.Rfc1 Ra4 28.Rc3 h6 29.Rb1 Nd7
30.Rb7 Ne5 31.Rbc7 g5 32.h3 Kg7 33.f4 gxf4 34.gxf4 Ng6 35.Kf3 e5 36.R7c4 Rxc4
37.Rxc4 exf4 38.Bxf4 Rd8 39.Ra4 Nxf4 40.Kxf4 Rd7 41.Kf5 Rb7 42.e5 Rc7 43.Rg4+ Kf8
44.Ra4 Rb7 45.Ra6 Kg7 46.a4 Rc7 47.Ke4 Rd7 48.a5 Rb7 49.Kd5 h5 50.h4 Kf8
51.Rc6 Ke8 52.Kc4 Re7 53.Kd4 Rb7  1/2-1/2

[Event "AUT-chT2S 9394"]
[Site "AUT"]
[Date "1994.??.??"]
[Round "?"]
[White "Novacan, Marko"]
[Black "Kaspret, Guido"]
[Result "0-1"]
[WhiteElo "2320"]
[BlackElo "2315"]

1.d4 Nf6 2.Nf3 e6 3.c4 b6 4.g3 Ba6 5.Nbd2 c6 6.Bg2 d5 7.cxd5 cxd5 8.Ne5 Be7
9.O-O O-O 10.Re1 Bb7 11.Qa4 Nfd7 12.Ndf3 a6 13.Bf4 b5 14.Qb3 Nb6 15.Qc2 g5
16.Bxg5 f6 17.Bh6 fxe5 18.Bxf8 Bxf8 19.Nxe5 N8d7 20.Nxd7 Qxd7 21.e3 b4 22.Rac1 Bd6
23.Qe2 a5 24.Qg4+ Kh8 25.e4 Rg8 26.Qe2 Nc4 27.Bh3 Qg7 28.e5 Bb8 29.Bxe6 Re8
30.Bg4 Ba7 31.Rcd1 Nxb2 32.Bh5 Nxd1 33.Bxe8 Nc3 34.Qd2 Ne4 35.Qd3 Qf8 36.f3 Qxe8
37.fxe4 dxe4  0-1

[Event "Bad Ragaz"]
[Site "Bad Ragaz"]
[Date "1994.??.??"]
[Round "8"]
[White "Arbakov, Valentin"]
[Black "Huss, Andreas"]
[Result "1-0"]
[WhiteElo "2575"]
[BlackElo "2425"]

1.c4 e6 2.d4 Nf6 3.Nf3 b6 4.g3 Ba6 5.b3 Bb4+ 6.Bd2 Be7 7.Nc3 c6 8.e4 d5 9.Qc2 O-O
10.e5 Ne8 11.Bd3 h6 12.O-O Nd7 13.Rae1 Nc7 14.Qc1 Re8 15.Bxh6 gxh6 16.Qxh6 Nf8
17.Re4 dxe4 18.Nxe4 Ng6 19.Neg5 Bxg5 20.Nxg5 Qxg5 21.Qxg5 Red8 22.h4 Rxd4
23.Be2 Kf8 24.h5 Ne7 25.h6 Ke8 26.h7 Kd7 27.Qh6 c5 28.h8=Q Rxh8 29.Qxh8 Bb7
30.Qg7 Ke8 31.Qh8+ Kd7 32.Qf8 Rd2 33.Rd1 Rxd1+ 34.Bxd1  1-0

[Event "Oberliga Bayern9495"]
[Site "Bayern"]
[Date "1994.??.??"]
[Round "2"]
[White "Farago, Ivan"]
[Black "Mischustov, Michael"]
[Result "1/2-1/2"]
[WhiteElo "2510"]
[BlackElo "2370"]

1.d4 e6 2.c4 Nf6 3.Nf3 b6 4.g3 Ba6 5.b3 Bb4+ 6.Bd2 Be7 7.Bg2 c6 8.Bc3 d5
9.Nbd2 O-O 10.Ne5 Nfd7 11.Nd3 b5 12.O-O bxc4 13.bxc4 Nb6 14.c5 Nc4 15.Nxc4 Bxc4
16.Ne5 Bb5 17.a4 Ba6 18.Re1 Bf6 19.Ng4 Be7 20.Qc2 Nd7 21.e4 Nf6 22.Ne5 Rc8
23.f3 Nd7 24.Ng4 f5 25.Nf2 g6 26.Nd3 Bg5 27.Nb4 Bc4 28.exf5 exf5 29.f4 Bh6
30.Re6 Rf6 31.Re3 Nf8 32.Rae1 Rf7 33.Bf3 Bg7 34.Be2 a5 35.Na2 Rb8 36.Nc1 Rfb7
37.Qd2 Qd7 38.Bxa5 Ra8 39.Kh1 Rba7 40.Bb6 Rxa4 41.Bd1 Ra1 42.Re7 Qc8 43.Rxg7+ Kxg7
44.Re7+ Kg8 45.Qe3 Rxc1 46.Qxc1 Bd3 47.Qb2 Qa6 48.Bc7 Be4+ 49.Kg1 Qd3 50.Be2 Qe3+
51.Kf1 Bg2+ 52.Kxg2 Qxe7 53.Be5 Qa7 54.Kh3 Nd7 55.Bd6 Nf6 56.Qb6 Qd7 57.Ba6 Ng4
58.Be2 Ra2 59.Qb8+ Kf7 60.Qf8+ Ke6 61.Bxg4 fxg4+ 62.Kxg4 Qf7 63.Qc8+ Qd7
64.Qf8 Qf7 65.Qc8+ Qd7  1/2-1/2

[Event "Oberliga Bayern9495"]
[Site "Bayern"]
[Date "1994.??.??"]
[Round "3"]
[White "Tischer, Guenter"]
[Black "Menacher, Manfred"]
[Result "1-0"]
[WhiteElo "2330"]
[BlackElo "2320"]

1.d4 Nf6 2.c4 e6 3.Nf3 b6 4.g3 Ba6 5.b3 d5 6.Bg2 c5 7.cxd5 exd5 8.O-O Nc6
9.Nc3 Rc8 10.Bg5 Be7 11.Rc1 Ne4 12.Bxe7 Nxe7 13.dxc5 Nxc3 14.Rxc3 bxc5 15.b4 Bc4
16.Qa4+ Kf8 17.bxc5 Rxc5 18.Rb1 Qc7 19.Nd4 g6 20.Qb4 Kg7 21.Qb2 Kh6 22.g4 g5
23.Rh3+ Kg6 24.Rh6+  1-0

[Event "Belgrade Trako"]
[Site "Belgrade"]
[Date "1994.??.??"]
[Round "1"]
[White "Sahovic, Dragutin"]
[Black "Genov, Petar"]
[Result "1-0"]
[WhiteElo "2435"]
[BlackElo "2470"]

1.d4 Nf6 2.c4 e6 3.Nf3 b6 4.g3 Ba6 5.b3 d5 6.Bg2 dxc4 7.Ne5 Bb4+ 8.Kf1 Bd6
9.Nxc4 Nd5 10.Nxd6+ cxd6 11.Bxd5 exd5 12.Nc3 O-O 13.f3 Re8 14.Kg2 Qc8 15.Bd2 Nc6
16.Bf4 Ne7 17.Rc1 Qe6 18.Re1 Ng6 19.Qd2 f5 20.a4 Rac8 21.Kf2 h6 22.h4 Rc7
23.Na2 Rce7 24.Nc3 Nf8 25.Nb5 Bxb5 26.axb5 Qf6 27.Rc6 Rd7 28.Qb4 Re6 29.Qd2 Ng6
30.h5 Ne7 31.Rc3 Qf7 32.Rh1 Kh8 33.Qc2 Ng8 34.Rc8 Rde7 35.e3 Rd7 36.Qd3 Kh7
37.g4 Rf6 38.Rc6 Ne7 39.Rc2 Kg8 40.g5 hxg5 41.Bxg5 Re6 42.Rcc1 Kh7 43.Bf4 Ng8
44.Rcg1 Ne7 45.Rg5 Rh6 46.Rg2 Re6 47.Rhg1 g6 48.hxg6+ Rxg6 49.Rxg6 Nxg6 50.Rg5 Nxf4
51.exf4 Qf6 52.Qxf5+ Qxf5 53.Rxf5 Rc7 54.Rxd5 Rc3 55.Rxd6 Rxb3 56.Rd5 Kg6
57.Ke2 Kf6 58.Re5 Kf7 59.Rh5 Ke6 60.Kf2 Rd3 61.Re5+ Kd6 62.Re4 Rb3 63.Kg3 Rxb5
64.Kg4 Rb1 65.f5 Rg1+ 66.Kf4 Rg8 67.f6 a5 68.Kf5 a4 69.f7  1-0

[Event "Belgrade Trako"]
[Site "Belgrade"]
[Date "1994.??.??"]
[Round "12"]
[White "Simic, Radoslav"]
[Black "Ostojic, Nikola"]
[Result "1-0"]
[WhiteElo "2495"]
[BlackElo "2450"]

1.d4 Nf6 2.Nf3 e6 3.c4 b6 4.g3 Ba6 5.Qc2 c5 6.Bg2 Nc6 7.dxc5 bxc5 8.O-O Qb6
9.Bf4 Be7 10.Rd1 Rc8 11.b3 d6 12.Nc3 Nd4 13.Qd2 h6 14.Rac1 Bb7 15.Nxd4 cxd4
16.Na4 Qa6 17.Bxb7 Qxb7 18.Qd3 e5 19.Bd2 Ne4 20.Qf3 O-O 21.e3 d5 22.Be1 dxe3
23.fxe3 f5 24.Nc3 dxc4 25.Nxe4 fxe4 26.Qg4 Bg5 27.Bf2 c3 28.h4 Qf7 29.Rc2 Qxf2+
30.Rxf2 Bxe3 31.Rd7  1-0

[Event "Berliner Sommer"]
[Site "Berlin"]
[Date "1994.??.??"]
[Round "?"]
[White "Kadimova, Ilaha"]
[Black "Kiselev, Sergey"]
[Result "0-1"]
[WhiteElo "2355"]
[BlackElo "2460"]

1.d4 Nf6 2.c4 e6 3.Nf3 b6 4.g3 Ba6 5.b3 Bb7 6.Bg2 Bb4+ 7.Bd2 c5 8.Bxb4 cxb4
9.O-O O-O 10.Qd3 d6 11.Nbd2 Qc7 12.e4 e5 13.Ne1 Nc6 14.Nc2 a5 15.Kh1 Rfe8
16.Rae1 Rad8 17.f4 Nxd4 18.Nxd4 exd4 19.Qxd4 Re7 20.Re3 Rde8 21.Rfe1 Bc6
22.Bf3 Nd7 23.Kg2 Nc5 24.Kf2 Qb7 25.h4 Qc7 26.R1e2 Bb7 27.e5 dxe5 28.Rxe5 Rxe5
29.Rxe5 Rxe5 30.fxe5 Bxf3 31.Nxf3 h6 32.Ke3 Qc6 33.h5 a4 34.bxa4 Qxa4 35.Qd8+ Kh7
36.Qxb6 Qa3+ 37.Kf4 Ne6+ 38.Kg4 Qa8 39.Nd2 Qg2 40.Qe3 Kg8 41.Qd3 Qf2 42.Kh4 Qa7
43.Qd6 Qe3 44.Qb8+ Kh7 45.Qxb4 Qg5+ 46.Kh3 Qxh5+ 47.Kg2 Qe2+ 48.Kh1 Qxe5
49.Qb1+ g6 50.Qd3 Qa1+ 51.Qf1 Qg7 52.Kg2 Kg8 53.Ne4 Qd4 54.Qe2 h5 55.Kh2 Qe5
56.Qf3 h4 57.Kg2 hxg3 58.Nxg3 Nf4+ 59.Kh1 Qd4 60.Ne2 Qd1+ 61.Ng1 Qc1 62.Qe4 Qf1
63.c5 Qf2 64.Qe8+ Kg7 65.Qe5+ Kh7 66.Qg5 Ne6 67.Qg2 Qxc5 68.Qf3 Kg7 69.Ne2 Qg5
70.Qc3+ Kg8 71.Qf3 Qe5 72.a3 Ng5 73.Qd3 Ne4 74.Kg2 Nd6 75.Ng3 Nb5 76.a4 Nc7
77.Qe4 Qb2+ 78.Qe2 Qb4 79.Qe4 Qc5 80.Qe2 Ne6 81.Kh2 Qd4 82.Qe4 Qf2+ 83.Qg2 Qe3
84.Qe2 Qa7 85.Qc2 Nc5 86.Ne4 Nxa4 87.Qc8+ Kg7 88.Qc4 Qd7 89.Kg2 f6 90.Kf3 Nb6
91.Qc3 Qf5+ 92.Kg3 Nd5 93.Qd4 g5 94.Nf2 Nf4 95.Qe3 Qb5 96.Qe7+ Kg6 97.Qe1 f5
98.Qe7 Qc6  0-1

[Event "Berliner Sommer"]
[Site "Berlin"]
[Date "1994.??.??"]
[Round "?"]
[White "Lisanti, Andre"]
[Black "Shneider, Aleksandr"]
[Result "0-1"]
[WhiteElo "2300"]
[BlackElo "2535"]

1.d4 Nf6 2.c4 e6 3.Nf3 b6 4.g3 Ba6 5.b3 Bb4+ 6.Bd2 Be7 7.Bg2 c6 8.O-O d5
9.Qc2 O-O 10.Rd1 Nbd7 11.Bf4 Rc8 12.Nbd2 c5 13.dxc5 Bxc5 14.Qb2 Qe7 15.Ne5 Rfd8
16.cxd5 Nxe5 17.Bxe5 Nxd5 18.Bxd5 Rxd5 19.Nc4 f6 20.Bf4 Qd7 21.Rxd5 Qxd5
22.Ne3 Qe4 23.Qc2 Qxc2 24.Nxc2 Bxf2+ 25.Kxf2 Rxc2 26.Bb8 Rxe2+ 27.Kg1 Bb7
28.Bxa7 Rg2+ 29.Kf1 b5 30.Bg1 Rb2 31.h4 e5 32.Bc5 Bf3 33.a4 Rxb3 34.a5 Rc3
35.Bf2 b4 36.Be1 Ra3 37.Rb1 b3 38.Bb4 Be4 39.Rb2 Ra1+ 40.Be1 Bc2 41.Ke2 Kf7
42.Bc3 Ra4  0-1

[Event "Bern op"]
[Site "Bern"]
[Date "1994.??.??"]
[Round "2"]
[White "Tukmakov, Vladimir B"]
[Black "Bosbach, Gerhard"]
[Result "1-0"]
[WhiteElo "2570"]
[BlackElo "2255"]

1.d4 Nf6 2.c4 e6 3.Nf3 b6 4.g3 Ba6 5.b3 Bb4+ 6.Bd2 Be7 7.Bg2 Bb7 8.Nc3 d5
9.cxd5 exd5 10.O-O O-O 11.Qc2 c6 12.Ne5 Na6 13.Rad1 Rc8 14.Bf4 Re8 15.Rfe1 Bd6
16.e4 Nh5 17.Be3 Bxe5 18.dxe5 Rxe5 19.Qb2 Qe8 20.exd5 cxd5 21.Nxd5 Nc5 22.Qxe5 Qxe5
23.Bxc5 Qxe1+ 24.Rxe1 Bxd5 25.Bxd5 Nf6 26.Bxf7+ Kxf7 27.Re7+ Kg6 28.Bd4 Ra8
29.Kg2 h5 30.h4 Kh6 31.a4 Kg6 32.b4 Rd8 33.Bxf6 gxf6 34.Rxa7 Rd4 35.b5 Rb4
36.Ra6 Rc4 37.Kf3 Rc3+ 38.Ke4 Rc2 39.Kd5 Rxf2 40.Rxb6 Rf3 41.Rb8  1-0

[Event "Bern op"]
[Site "Bern"]
[Date "1994.??.??"]
[Round "3"]
[White "Nemet, Ivan"]
[Black "Lerner, Konstantin Z"]
[Result "0-1"]
[WhiteElo "2425"]
[BlackElo "2555"]

1.d4 Nf6 2.c4 e6 3.Nf3 b6 4.g3 Ba6 5.b3 Bb4+ 6.Bd2 Be7 7.Bg2 O-O 8.O-O Bb7
9.a4 a5 10.Nc3 Na6 11.Qb1 d5 12.Ne5 c5 13.e3 cxd4 14.exd4 Bb4 15.Ra2 Qe7
16.Nb5 dxc4 17.bxc4 Bxg2 18.Kxg2 Qb7+ 19.f3 Bxd2 20.Rxd2 Rfd8 21.Qb2 Rac8
22.Rc1 Qb8 23.Qa3 Nb4 24.Qe3 Ne8 25.Re2 Nd6 26.g4 Nxb5 27.axb5 Qd6 28.c5 Nd5
29.Qg5 bxc5 30.Rxc5 f6 31.Qc1 Rb8 32.Nd3 Rb6 33.Qc4 h6 34.Kg1 Kh8 35.Rc6 Rxc6
36.bxc6 Rc8 37.Rc2 Qb8 38.Rb2 Qc7 39.Qa6 Qxc6 40.Qxa5 Qc4 41.Qd2 Qxd4+ 42.Nf2 Qc5
43.h3 Qa3 44.Rc2 Qa1+ 45.Kh2 Qe5+ 46.Kh1 Rb8 47.Nd3 Qg3 48.Qg2 Rb1+ 49.Rc1 Rxc1+
50.Nxc1 Qe1+ 51.Qg1 Qd2 52.h4 Nf4 53.h5 Nd5 54.Qf1 Ne3 55.Qg1 e5  0-1

[Event "Bern op"]
[Site "Bern"]
[Date "1994.??.??"]
[Round "4"]
[White "Brunner, Lucas"]
[Black "Breyther, Ruediger"]
[Result "1/2-1/2"]
[WhiteElo "2480"]
[BlackElo "2315"]

1.d4 Nf6 2.Nf3 e6 3.c4 b6 4.g3 Ba6 5.b3 c6 6.Bg2 d5 7.O-O Nbd7 8.Nbd2 Be7
9.Bb2 O-O 10.Re1 b5 11.c5 b4 12.a3 bxa3 13.Rxa3 Bb5 14.Qc2 Re8 15.e4 Nxe4
16.Nxe4 dxe4 17.Qxe4 Nf6 18.Qc2 Nd5 19.Qd2 Bf6 20.Ne5 Bxe5 21.Rxe5 Qc7 22.Ra1 Red8
23.Rae1 a5 24.Be4 Nf6 25.Bb1 Rd5 26.Qf4 h6 27.h4 Rad8 28.Bc2 Rxe5 29.dxe5 Nh7
30.Qf3 Nf8 31.Rd1 Rxd1+ 32.Qxd1 Qa7 33.Qd4 Qa6 34.Bc1 Be2 35.Qe4 Bh5 36.Bd3 Qb7
37.Bc4 Qb4 38.Be3 a4 39.bxa4 Qxa4 40.Qd4 Bf3 41.Bf1  1/2-1/2

[Event "Bern op"]
[Site "Bern"]
[Date "1994.??.??"]
[Round "4"]
[White "Gheorghiu, Florin"]
[Black "Lutz, Christopher"]
[Result "1/2-1/2"]
[WhiteElo "2465"]
[BlackElo "2595"]

1.d4 Nf6 2.c4 e6 3.Nf3 b6 4.g3 Ba6 5.b3 Bb4+ 6.Bd2 Be7 7.Nc3 d5 8.cxd5 exd5
9.Bg2 O-O 10.O-O Bb7 11.Ne5 Nbd7 12.Bf4 c6 13.Rc1 Re8 14.e4 Nf8 15.exd5 cxd5
16.Ng4 Ne6 17.Nxf6+ Bxf6 18.Be3 Qd7 19.Qd3 Rad8 20.Rfd1 g6 21.Rc2 Be7 22.Ne2 Bd6
23.Qd2 Rc8  1/2-1/2

[Event "Bern op"]
[Site "Bern"]
[Date "1994.??.??"]
[Round "5"]
[White "Nemet, Ivan"]
[Black "Siegel, Georg"]
[Result "0-1"]
[WhiteElo "2425"]
[BlackElo "2385"]

1.d4 Nf6 2.c4 e6 3.Nf3 b6 4.g3 Ba6 5.b3 Bb4+ 6.Bd2 Be7 7.Bg2 c6 8.Bc3 d5
9.Nbd2 Nbd7 10.O-O Rc8 11.Bb2 O-O 12.Ne5 c5 13.Nxd7 Qxd7 14.dxc5 bxc5 15.e4 Rfd8
16.e5 Ne8 17.Qg4 Qc7 18.Rac1 g6 19.Rfe1 d4 20.Ra1 Ng7 21.h4 Rb8 22.Bc1 Qa5
23.Qd1 Rd7 24.Ne4 Bb7 25.Bd2 Qd8 26.Ng5 h6 27.Bxb7 Rdxb7 28.Ne4 Nf5 29.h5 Kg7
30.Kg2 a5 31.hxg6 fxg6 32.Nd6 Bxd6 33.exd6 Qxd6 34.Bxa5 Rf8 35.Qe2 Qa6 36.Bd2 Rbf7
37.f4 Rf6 38.Qf3 Qd6 39.Re4 h5 40.Rae1 Qa6 41.a4 Rb8 42.Re5 Qb6 43.Rb1 Nd6
44.a5 Qc7 45.Rbe1 Qc8 46.Ra1 Nf7 47.Re2 Ng5 48.Qd3 Qc6+ 49.Kh2 Nf3+ 50.Kh3 e5
51.fxe5 Rff8 52.Rd1 g5 53.Qe4 Qe6+ 54.Kg2 Rxb3 55.Rb1 Rxb1 56.Qxb1 Qc6 57.Qb5 Nh4+
58.Kh2 Qf3  0-1

[Event "Bern op"]
[Site "Bern"]
[Date "1994.??.??"]
[Round "5"]
[White "Polak, Tomas"]
[Black "Lerner, Konstantin Z"]
[Result "0-1"]
[WhiteElo "2410"]
[BlackElo "2555"]

1.d4 Nf6 2.c4 e6 3.Nf3 b6 4.g3 Ba6 5.b3 Bb4+ 6.Bd2 Be7 7.Bg2 O-O 8.O-O Bb7
9.Nc3 Na6 10.Bf4 d5 11.Ne5 c5 12.cxd5 exd5 13.Rc1 Nc7 14.Qd2 cxd4 15.Qxd4 Ne6
16.Qd2 Bb4 17.Nd3 Bxc3 18.Qxc3 d4 19.Qc4 Ne4 20.Rfd1 Bd5 21.Qb4 Nc3 22.Rxc3 Bxg2
23.Rc2 Bb7 24.Qd6 Qe8 25.Bc1 Rd8 26.Qa3 Rc8 27.Rxc8 Qxc8 28.Bd2 Qc2 29.Qc1 Qxa2
30.Qb2 Qxb2 31.Nxb2 Rc8 32.Nc4 Bd5 33.Ra1 Rc7 34.Ra3 h6 35.f3 Bxc4  0-1

[Event "Biel op"]
[Site "Biel"]
[Date "1994.??.??"]
[Round "7"]
[White "Gheorghiu, Florin"]
[Black "Siegel, Georg"]
[Result "1-0"]
[WhiteElo "2455"]
[BlackElo "2385"]

1.d4 Nf6 2.c4 e6 3.Nf3 b6 4.g3 Ba6 5.b3 d5 6.cxd5 exd5 7.Bg2 c5 8.O-O Nc6
9.Nc3 Rc8 10.Bb2 Be7 11.dxc5 d4 12.Nb1 bxc5 13.Nbd2 O-O 14.a3 Re8 15.Re1 Nd5
16.Rc1 Bf8 17.Nc4 Nb6 18.Nfd2 Qg5 19.b4 Nxc4 20.Nxc4 cxb4 21.h4 Qb5 22.a4 Qb8
23.Nd2 Qd6 24.Ne4 Qe5 25.e3 Qf5 26.exd4 Na5 27.d5 Nc4 28.Bd4 Qd7 29.Kh2 Ne5
30.Rxc8 Bxc8 31.a5 Qb5 32.Bxa7 Bf5 33.Bd4 b3 34.Nc3 Ng4+ 35.Qxg4 Bxg4 36.Nxb5 Rxe1
37.a6 Re2 38.a7 Ra2 39.d6 Bf5 40.Nc3 b2 41.Nxa2  1-0

[Event "Biel op"]
[Site "Biel"]
[Date "1994.??.??"]
[Round "10"]
[White "Tischer, Guenter"]
[Black "Eismont, Oleg"]
[Result "0-1"]
[WhiteElo "2330"]
[BlackElo "2440"]

1.d4 Nf6 2.c4 e6 3.Nf3 b6 4.g3 Ba6 5.b3 d5 6.Bg2 Bb4+ 7.Bd2 Bxd2+ 8.Nbxd2 O-O
9.O-O c5 10.Rc1 Nbd7 11.Re1 Bb7 12.cxd5 exd5 13.Qc2 Re8 14.Qb2 Qe7 15.e3 a5
16.Nb1 Ne4 17.Nc3 Rad8 18.Red1 Ndf6 19.dxc5 bxc5 20.Nxe4 Nxe4 21.Ne1 h5 22.Nd3 h4
23.Re1 c4 24.Nf4 c3 25.Qe2 Qb4 26.Qd3 d4 27.exd4 Rxd4 28.Qf1 Rd2 29.Qc4 Qb6
30.Re2 Ba6 31.Rxe4 Bxc4 32.Rxe8+ Kh7 33.bxc4 Qxf2+ 34.Kh1 h3 35.Rg1 hxg2+
36.Nxg2 c2  0-1

[Event "Bled op"]
[Site "Bled"]
[Date "1994.??.??"]
[Round "?"]
[White "Farago, Ivan"]
[Black "Grosar, Aljosa"]
[Result "1/2-1/2"]
[WhiteElo "2515"]
[BlackElo "2435"]

1.d4 Nf6 2.c4 e6 3.Nf3 b6 4.g3 Ba6 5.b3 Bb7 6.Bg2 Bb4+ 7.Bd2 c5 8.O-O O-O
9.dxc5 Bxc5 10.Nc3 Ne4 11.Nxe4 Bxe4 12.Ng5 Bxg2 13.Qc2 f5 14.Kxg2 Nc6 15.Rad1 Rc8
16.Nf3 Qe7 17.Bg5 Qe8 18.Qd2 Rf7 19.Be3 Bb4 20.Qd3 h6 21.Nd4 Nxd4 22.Bxd4 Rc6
23.Be5 Qf8 24.Qe3 Bd6 25.Rd3 Bxe5 26.Qxe5 Rc5 27.Qe3 f4 28.Qd2 fxg3 29.hxg3 Qc8
30.Rd1 Rc7 31.a4 Qa8+ 32.Kg1 Qb7 33.Qe3 Rc5 34.Rd4 Rcf5 35.f3 Rc5 36.Qd3 Rc7
37.Qg6 Qc6 38.Kg2 Rf6 39.Qd3 Rf7 40.Rg4 Qc5 41.Rh1 Rf6 42.Qd2 Qf5 43.Rd4 Rf7
44.Rg4 Rf6 45.Rd4 Rf7  1/2-1/2

[Event "Ciocaltea mem"]
[Site "Bucharest"]
[Date "1994.??.??"]
[Round "10"]
[White "Itkis, Boris"]
[Black "Brodsky, Michail"]
[Result "1/2-1/2"]
[WhiteElo "2475"]
[BlackElo "2500"]

1.d4 Nf6 2.Nf3 e6 3.c4 b6 4.g3 Ba6 5.b3 Bb4+ 6.Bd2 Be7 7.Bg2 Bb7 8.O-O O-O
9.Nc3 Na6 10.Bc1 d5 11.Ne5 c5 12.Bb2 Nb4 13.Rc1 Rc8 14.a3 Nc6 15.Nxc6 Bxc6
16.cxd5 exd5 17.e3 Qd7 18.a4 Rfd8 19.Ba3 Re8 20.Rc2 Bb7 21.Re1 Qf5 22.Ne2 Bd6
23.Nf4 Bxf4 24.gxf4 cxd4 25.Rxc8 Bxc8 26.Qxd4 Qh5 27.f3 Bh3 28.Bxh3 Qxh3
29.Rf1 Rc8 30.Qd3 Rc6 31.f5 h6 32.Bb2 Qh4 33.Kh1  1/2-1/2

[Event "Papp Bela mem"]
[Site "Budapest"]
[Date "1994.??.??"]
[Round "5"]
[White "Izsak, Gyula"]
[Black "Csoke, Krisztian"]
[Result "1-0"]
[WhiteElo "2365"]
[BlackElo "2300"]

1.d4 Nf6 2.c4 e6 3.Nf3 b6 4.g3 Ba6 5.Qc2 c5 6.dxc5 Bxc5 7.Bg2 Bb7 8.O-O d5
9.Bg5 O-O 10.cxd5 Qxd5 11.Nc3 Qc6 12.Bxf6 gxf6 13.Rac1 Qd7 14.Rfd1 Qe7 15.Ne4 Rc8
16.Qb1 Bd5 17.b4 f5 18.Ned2 Bxf2+ 19.Kxf2 Nc6 20.a3 Rd8 21.Kg1 Qf6 22.e4 fxe4
23.Nxe4 Qh6 24.Nf2 f5 25.Qb2 Rac8 26.b5 Ne7 27.a4 Qe3 28.Re1 Qh6 29.Rcd1 Rc4
30.Qa3 Qf6 31.Ne5 Rc2 32.Qa1 Rdc8 33.Nc6 Qf7 34.Nxe7+ Qxe7 35.Bxd5 Rxf2 36.Bxe6+  1-0

[Event "Budapest FS11 IM-A"]
[Site "Budapest"]
[Date "1994.??.??"]
[Round "5"]
[White "Mitbreit, Dmitry"]
[Black "Csonkics, Tunde"]
[Result "1/2-1/2"]
[WhiteElo "2345"]
[BlackElo "2320"]

1.d4 Nf6 2.c4 e6 3.Nf3 b6 4.g3 Ba6 5.Qa4 c5 6.Bg2 Bb7 7.dxc5 Bxc5 8.O-O O-O
9.Nc3 a6 10.Bf4 Be7 11.Rfd1 d6 12.Rd2 Qc7 13.Rad1 Rd8 14.h3 h6 15.a3 Nh5
16.Be3 Nd7 17.Qb3 Rac8 18.Na4 Nc5 19.Nxc5 bxc5 20.Qc2 Nf6 21.Ne1 Bxg2 22.Nxg2 d5
23.cxd5 Nxd5 24.Bf4 Nxf4  1/2-1/2

[Event "Budapest FS08 GM"]
[Site "Budapest"]
[Date "1994.??.??"]
[Round "7"]
[White "Horvath, Csaba"]
[Black "Shabtai, Ran"]
[Result "1-0"]
[WhiteElo "2540"]
[BlackElo "2260"]

1.d4 Nf6 2.c4 e6 3.Nf3 b6 4.g3 Ba6 5.b3 d5 6.Bg2 c5 7.cxd5 exd5 8.O-O Nc6
9.Nc3 Rc8 10.Bg5 Be7 11.dxc5 bxc5 12.Bh3 Rb8 13.Rc1 Ne4 14.Bxe7 Nxe7 15.Nxe4 dxe4
16.Ng5 O-O 17.Nxe4 c4 18.Nc5 Bb5 19.bxc4 Bc6 20.Nd7 Bxd7 21.Qxd7 Qxd7 22.Bxd7 Rfd8  1-0

[Event "Budapest FS02 GM"]
[Site "Budapest"]
[Date "1994.??.??"]
[Round "8"]
[White "Grivas, Efstratios"]
[Black "Kalesis, Nikolaos"]
[Result "1-0"]
[WhiteElo "2505"]
[BlackElo "2415"]

1.d4 Nf6 2.c4 e6 3.Nf3 b6 4.g3 Ba6 5.Qb3 d5 6.cxd5 exd5 7.Bg5 Be7 8.Nc3 Bb7
9.Bxf6 Bxf6 10.Bg2 O-O 11.O-O Re8 12.Rfe1 Na6 13.Rad1 Qd6 14.Qa4 Rad8 15.a3 c5
16.e3 Qb8 17.Qc2 Bc6 18.Ne2 g6 19.Nd2 Ba8 20.Nb1 c4 21.Nbc3 b5 22.Nf4 Nc7
23.b3 a5 24.Rb1 Qb6 25.bxc4 dxc4 26.Bxa8 Rxa8 27.Nfd5 Nxd5 28.Nxd5 Qd6 29.Nxf6+ Qxf6
30.Rxb5 Rec8 31.Rc1 h5 32.Qe4  1-0

[Event "Budapest FS04 IM-A"]
[Site "Budapest"]
[Date "1994.??.??"]
[Round "9"]
[White "Kabatianski, Alexandr"]
[Black "Wohlfahrt, Herbert J"]
[Result "1-0"]
[WhiteElo "2365"]
[BlackElo "2250"]

1.Nf3 Nf6 2.c4 e6 3.g3 b6 4.d4 Ba6 5.b3 c6 6.Bg2 Bb4+ 7.Bd2 Be7 8.Bc3 d5
9.Ne5 Nfd7 10.Nxd7 Nxd7 11.Nd2 O-O 12.O-O b5 13.Re1 f5 14.c5 Nf6 15.Nf3 Ne4
16.Bb2 Bf6 17.Qc2 Bb7 18.Ne5 Bxe5 19.dxe5 a5 20.h4 g5 21.hxg5 Qxg5 22.Bc1 Qg6
23.Bf4 b4 24.Bf3 Ng5 25.Kg2 Nxf3 26.Kxf3 Kf7 27.Rh1 h5 28.Rh4 Rh8 29.a3 Ba6
30.Be3 Rhb8 31.Rah1 Rh8 32.axb4 Bb5 33.Qd2 a4 34.bxa4 Rxa4 35.Bg5 Kg8 36.Kg2 Rh7
37.Bf6 Raa7 38.Qb2 Ra4 39.Qb3 Kf7 40.e3 Ra7 41.Qd1 Ra2 42.Rxh5 Rxh5 43.Qxh5 Qxh5
44.Rxh5 Bd3 45.Rh7+ Kg8 46.Re7 f4 47.gxf4 Bf5 48.Re8+ Kh7 49.Bd8 Kg6 50.Rf8 Ra8
51.Be7 Ra4 52.Kg3 Rxb4  1-0